| 000 | 00544 a2200157 4500 | ||
|---|---|---|---|
| 020 | _a9694023882 | ||
| 040 |
_aDLC _bDLC |
||
| 082 | _a 954.91 | ||
| 100 | _aZiring, Lawrence. | ||
| 245 |
_aPakistan : at the crosscurrent of history _cLawrence Ziring, |
||
| 260 |
_aLahore: _bVanguard Pvt. Ltd., _c2004. |
||
| 300 |
_axvi, 383 p. _b.: ill. ; _c24 cm. |
||
| 500 | _aIncludes bibliographical references and index | ||
| 650 | _a1.Pakistan -- Politics and government -- 20th century.2.Pakistan -- History -- 20th century | ||
| 942 |
_cBK _k954.91 ZIR _2ddc |
||
| 999 |
_c5224 _d5224 |
||